000 00750nam a2200241 i 4500
001 12104
003 ES-MaACL
005 20250815015907.0
007 t|
008 970410s1996 sp ||||1| spa d
020 _a84-344-6580-9
080 _a7.025.3
100 1 _aFernández Arenas, José.
_949473
245 1 0 _aIntroducción a la conservación del patrimonio y técnicas artísticas /
_cJosé Fernández Arenas.
250 _a1ª ed.
260 _aBarcelona :
_bAriel,
_c1996.
300 _a203 p. :
_bil. ;
_c22 cm.
490 1 _aAriel historia. Serie historia del arte
650 1 4 _aObras de arte-
_xPreservación.
_915663
830 0 0 _aAriel historia
_9177690
852 _aES-MaACL
_jL-19470
_bR.125014
999 _c12104
_d12104